Gabon : Selected Issues and Statistical Appendix.

This Selected Issues paper and Statistical Appendix for Gabon discusses fiscal and development issues with a focus on problems caused by Gabon's high dependence on oil, with large oil price-related fluctuations in government revenue and rapidly declining oil production since its peak in 1997. T...

Fuld beskrivelse

Bibliografiske detaljer
Institution som forfatter: International Monetary Fund
Format: Tidsskrift
Sprog:English
Udgivet: Washington, D.C. : International Monetary Fund, 2002.
Serier:IMF Staff Country Reports; Country Report ; No. 2002/094
Online adgang:Full text available on IMF
LEADER 01611cas a2200241 a 4500
001 AALejournalIMF001968
008 230101c9999 xx r poo 0 0eng d
020 |c 5.00 USD 
020 |z 9781451813883 
022 |a 1934-7685 
040 |a BD-DhAAL  |c BD-DhAAL 
110 2 |a International Monetary Fund. 
245 1 0 |a Gabon :   |b Selected Issues and Statistical Appendix. 
264 1 |a Washington, D.C. :  |b International Monetary Fund,  |c 2002. 
300 |a 1 online resource (136 pages) 
490 1 |a IMF Staff Country Reports 
500 |a <strong>Off-Campus Access:</strong> No User ID or Password Required 
500 |a <strong>On-Campus Access:</strong> No User ID or Password Required 
506 |a Electronic access restricted to authorized BRAC University faculty, staff and students 
520 3 |a This Selected Issues paper and Statistical Appendix for Gabon discusses fiscal and development issues with a focus on problems caused by Gabon's high dependence on oil, with large oil price-related fluctuations in government revenue and rapidly declining oil production since its peak in 1997. The paper addresses the issue of fiscal and debt sustainability with several existing methodologies, adapted to Gabon's situation of high and declining oil revenue. The fiscal and debt sustainability analysis also takes into account the expected decline in future oil resources. 
538 |a Mode of access: Internet 
830 0 |a IMF Staff Country Reports; Country Report ;  |v No. 2002/094 
856 4 0 |z Full text available on IMF  |u http://elibrary.imf.org/view/journals/002/2002/094/002.2002.issue-094-en.xml  |z IMF e-Library